| 000 | 00492cam a22001932a 4500 | ||
|---|---|---|---|
| 001 | 021194 | ||
| 003 | AR-FADEU | ||
| 008 | 311216n1963####xxu####################dd | ||
| 092 |
_a327.73 _bH881 _eJLS |
||
| 100 | _aHuberman, Leo | ||
| 245 | _aTeoría de la política exterior norteamericana | ||
| 260 | _aBuenos Aires | ||
| 260 | _bJorge Alvarez | ||
| 260 | _c1963 | ||
| 300 | _a72 p | ||
| 440 |
_aMonthly review _n3 |
||
| 650 | _aESTADOS UNIDOS-POLITICA EXTERIOR/JLS/ | ||
| 942 | _cJLS | ||
| 999 |
_c26912 _d26912 |
||